00549nam a2200133Ia 4500008004100000041000800041082002600049100002600075245006300101260003700164300000900201999001900210952018600229230411s9999 xx 000 0 und d aeng aP/610.7362/TAK/B07785 aTaksande Amar9179767 aPractical Aspects of Pediatrics and Neonatology for Nurses bJaypee BrothersaNew Delhic2014 a194p c157868d157868 001040708PaBTINbBTINd2014-11-25eJaypee Brothers Medical Publishersg195.00iI-176l0oP 610.7362 TAK B07785pBTIN-BK-7785r2023-04-11 00:00:00v142.00w2014-11-25yBKzB07785